| 000 | 01126cam a22002175a 4500 | ||
|---|---|---|---|
| 001 | L159188 | ||
| 008 | 110208s2016 xxk f 001 0 eng d | ||
| 035 | _a(Sirsi) u159188 | ||
| 041 | 0 | _aeng | |
| 050 | 0 | 4 | _a692.3 $2 18 |
| 110 | 2 | _aNational House-Building Council | |
| 245 | 0 | 0 |
_aNHBC standards 2016 _beffective from 1 January 2016 _h[electronic resource] |
| 260 |
_a[Milton Keynes] _bNHBC _c2016 |
||
| 505 | 2 | _aWhat's new in standards -- Introduction to the standards and technical requirements -- General -- Foundations -- Substructure, ground floors, drainage and basements -- Superstructure (excluding roofs) -- Roofs -- Services -- Finishes -- External works | |
| 520 | _aDetails building standards; technical requirements that must be met by the builder; performance standards for design, materials and sitework and guidance on how the performance standards may be met. | ||
| 521 | _aExpert | ||
| 651 | 4 | _aUnited Kingdom | |
| 690 | _aBUILT ENVIRONMENT-BUILDING STANDARDS | ||
| 856 | 4 | 0 |
_uhttps://www.nhbc.co.uk/Builders/ProductsandServices/Standardsplus2016/ _zBroken link at www.nhbc.co.uk... |
| 942 |
_n0 _2ddc |
||
| 999 |
_c115728 _d115728 |
||